00439 2200169 4500001002100000005001800021008004100039035002400080090002000104100002100124245002100145260002700166300002500193650002100218850001500239999001500254YOGYA-0211000000194720110208084758838 ind  0010-021100000001947 aDEP 330.9 SUB M aSubagyo,Pangestu aMEMPERLUAS USAHA aYogyakartabBPFEc1980 av,75 hlm :ilus;21 cm aekonomi produksi aYOPDYOG[B] aP940052878